000 01136cam a2200397 4500
001 B390
008 090401t1986 xxu||||| |||| 00| 0 eng d
035 _a(Sirsi) u35444
041 _aeng
050 _a526.9028
110 _aRoyal Institution of Chartered Surveyors
_94900
245 _aLand surveyors information package 14 : analytical stereoplotters
260 _aLondon
_bRICS
_c1986
300 _a3 items in folder ; 30cm.
350 _a0
650 _aANAPLOT 11
650 _aAPPS IV
650 _aAVIOLYT BC 1
650 _aC100 PLANICOMP
650 _aDSR 1 DIGITAL STEREORESTITUTION
650 _aGALILEO DIGITAL STEREOCARTOGRAPH
650 _aGESTALT PHOTOMAPPING SYSTEM
650 _aOM1 ANALYTICAL STEREOPLOTTER
650 _aPHOTOGRAMMETRY
650 _aPLOTTERS
650 _aQASCO SD 4
650 _aRSS 300 11 DIGTAL STEREO COMPILER
650 _aSTEREOCOMPARATORS
650 _aSTEREOPLOTTERS
650 _aSURVEYING INSTRUMENTS
650 _aTRASTER 77
650 _aUS 2 ANALYTICAL STEREOPLOTTER
650 _aUS1 UNIVERSAL STEREOPLOTTER
942 _n0
948 _c04/03/1997
999 _c90112
_d90112